000 00983cam a2200301 i 4500
008 760618m19731979cu a b 000 0 spa
010 _a 76463470
040 _aDLC
_cDLC
_dDLC
043 _anwcu---
050 0 0 _aNA803
_b.W39
082 0 0 _a720.97291
092 0 4 _a720.97291
_bW431
_221
099 _a04
_a720.97291 W431
100 1 _aWeiss, Joaquin E.
245 1 3 _aLa arquitectura colonial cubana /
_cJoaquin E. Weiss.
260 _a[La Habana :
_bInstituto Cubano del Libro] ,
_c1973-1979.
300 _a2 v. :
_bill. ;
_c29 cm.
500 _aVol. 2: 1a ed.; has imprint: Editorial Letras Cubanas.
504 _aBibliography: v. 1, p. 159-163.
505 0 _a[1] Siglos XVI/XVII.--[2] Siglo XVIII.
650 0 _aArchitecture, Colonial
_zCuba.
650 0 _aArchitecture
_zCuba.
902 _a1
905 _aJamal
_eCat.
905 _aJihan
_eRev.
942 _2ddc
_cBK
999 _c138099
_d138099